La Despesa sanitària a Catalunya, 1981 : estimació i anàlisi descriptiva / Marisol Rodríguez Martínez estimació i anàlisi descriptiva / Marisol Rodríguez Martínez
ISBN:
84-393-0650-4
Publicado:
Barcelona :
Generalitat de Catalunya. Departament de Sanitat i Seguretat Social. Secretaria General ,
1986
Descripción Física:
222 p. : quadres ; 21 cm
MARC
| LEADER | 00000nam a2200000Ia 4500 | ||
|---|---|---|---|
| 001 | 18380 | ||
| 008 | 160829s1986 xx 000 0 cat d | ||
| 020 | |a 84-393-0650-4 | ||
| 080 | |a C-1-539 | ||
| 100 | |a Rodríguez Martínez, Marisol |9 26896 | ||
| 245 | |a La Despesa sanitària a Catalunya, 1981 : |b estimació i anàlisi descriptiva / Marisol Rodríguez Martínez | ||
| 260 | |a Barcelona : |b Generalitat de Catalunya. Departament de Sanitat i Seguretat Social. Secretaria General, |c 1986 | ||
| 300 | |a 222 p. : |b quadres ; |c 21 cm | ||
| 590 | |a Bibliografia | ||
| 650 | 0 | |a Salut pública |z Catalunya |9 19129 | |
| 650 | 0 | |a Despeses públiques |z Catalunya |9 31492 | |
| 710 | 1 | |a Catalunya. |b Departament de Sanitat i Seguretat Social |9 56409 | |
| 901 | |a Arxiu | ||
| 942 | |n 1 | ||
| 952 | |0 0 |1 0 |4 0 |6 C1539 |7 1 |9 44197 |a Arxiu |b Arxiu |d 2016-12-01 |l 0 |o C-1-539 |p 18380 |r 2016-12-01 00:00:00 |w 2016-12-01 |y ARXIU | ||
| 999 | |c 46777 |d 46777 | ||